Numerical aerodynamic investigation of hovering insect at low reynolds number / (رقم التسجيلة. 179167)

تفاصيل مارك
000 -LEADER
fixed length control field 03480namaa22004331i 4500
003 - CONTROL NUMBER IDENTIFIER
control field EG-GICUC
005 - أخر تعامل مع التسجيلة
control field 20260404203635.0
008 - FIXED-LENGTH DATA ELEMENTS--GENERAL INFORMATION
fixed length control field 260404b2025 ua a|||frm||| 000 0 eng d
040 ## - CATALOGING SOURCE
Original cataloguing agency EG-GICUC
Language of cataloging eng
Transcribing agency EG-GICUC
Modifying agency EG-GICUC
Description conventions rda
041 0# - LANGUAGE CODE
Language code of text/sound track or separate title eng
Language code of summary or abstract eng
-- ara
049 ## - Acquisition Source
Acquisition Source Deposit
082 04 - DEWEY DECIMAL CLASSIFICATION NUMBER
Classification number 629
092 ## - LOCALLY ASSIGNED DEWEY CALL NUMBER (OCLC)
Classification number 629
Edition number 21
097 ## - Degree
Degree M.Sc
099 ## - LOCAL FREE-TEXT CALL NUMBER (OCLC)
Local Call Number Cai01.13.01.M.Sc.2025.Ae.P
100 0# - MAIN ENTRY--PERSONAL NAME
Authority record control number or standard number Amr Emad Ezzat Saad,
Preparation preparation.
245 10 - TITLE STATEMENT
Title Numerical aerodynamic investigation of hovering insect at low reynolds number /
Statement of responsibility, etc. by Amr Emad Ezzat Saad ; Supervisors Prof. Mohamed Madbouli Abdel Rahman, Prof. Amr Gamal Guaily.
246 15 - VARYING FORM OF TITLE
Title proper/short title دراسة رقمية للديناميكا الهوائية لحشرة تحوم بمعامل رينولدز منخفض
264 #0 - PRODUCTION, PUBLICATION, DISTRIBUTION, MANUFACTURE, AND COPYRIGHT NOTICE
Date of production, publication, distribution, manufacture, or copyright notice 2025.
300 ## - PHYSICAL DESCRIPTION
Extent 99 pages :
Other physical details illustrations ;
Dimensions 30 cm. +
Accompanying material CD.
336 ## - CONTENT TYPE
Content type term text
Source rda content
337 ## - MEDIA TYPE
Media type term Unmediated
Source rdamedia
338 ## - CARRIER TYPE
Carrier type term volume
Source rdacarrier
502 ## - DISSERTATION NOTE
Dissertation note Thesis (M.Sc)-Cairo University, 2025.
504 ## - BIBLIOGRAPHY, ETC. NOTE
Bibliography, etc. note Bibliography: pages 92-99.
520 #3 - SUMMARY, ETC.
Summary, etc. This thesis uses numerical simulations to investigate the aerodynamic perfor-<br/>mance of hovering insects at low Reynolds numbers. The study employs the<br/>overset grid method in OpenFOAM to analyze key lift mechanisms, including<br/>leading-edge vortex dynamics and rotational effects. By comparing different<br/>wing kinematics and examining wing-body interactions, the research iden-<br/>tifies symmetric wing rotation as optimal for lift generation, with minimal<br/>influence from body interactions. The findings offer valuable insights for the<br/>design of bio-inspired Micro-Air Vehicles (MAVs) and suggest directions for<br/>future research in unsteady aerodynamics.
520 #3 - SUMMARY, ETC.
Summary, etc. تستخدم هذه الرسالة المحاكاة العددية المتقدمة لدراسة الأداء الديناميكي الهوائي للحشرات المحلقة عند أرقام رينولدز المنخفضة. تعتمد الدراسة على طريقة الشبكة المتداخلة في برنامج Open FOAM لتحليل آليات الرفع الرئيسية، مثل ديناميكا دوامة الحافة الأمامية وتأثيرات الدوران. يحدد البحث أن الدوران المتماثل للجناح هو الأنسب لتوليد الرفع، مع تأثير محدود لتفاعلات الجسم. تقدم النتائج رؤى قيمة لتصميم المركبات الجوية الصغيرة المستوحاة بيولوجيا (MAVs) وتوجه البحث المستقبلي في الديناميكا الهوائية غير المستقرة.
530 ## - ADDITIONAL PHYSICAL FORM AVAILABLE NOTE
Issues CD Issues also as CD.
546 ## - LANGUAGE NOTE
Text Language Text in English and abstract in Arabic & English.
650 #0 - SUBJECT ADDED ENTRY--TOPICAL TERM
Topical term or geographic name entry element Aerospace Engineering
650 #0 - SUBJECT ADDED ENTRY--TOPICAL TERM
Topical term or geographic name entry element هندسة الطيران والفضاء
653 #1 - INDEX TERM--UNCONTROLLED
Uncontrolled term Hovering Insect
-- Unsteady Aerodynamics
-- Numerical Simulation
-- Computa- tional Fluid Dynamics
-- Dynamics of Flapping Wing
-- حشرة تحوم
-- ديناميكا الهواء الغير مستقرة
700 0# - ADDED ENTRY--PERSONAL NAME
Personal name Mohamed Madbouli Abdel Rahman
Relator term thesis advisor.
700 0# - ADDED ENTRY--PERSONAL NAME
Personal name Amr Gamal Guaily
Relator term thesis advisor.
900 ## - Thesis Information
Grant date 01-01-2025.
Supervisory body Mohamed Madbouli Abdel Rahman
-- Amr Gamal Guaily
Discussion body Mohamed Madbouli AbdelRahman
-- Gamal Mahmoud Sayed El-Bayoumi
Universities Cairo University
Faculties Faculty of Engineering
Department Department of Aerospace Engineering
905 ## - Cataloger and Reviser Names
Cataloger Name Shimaa
942 ## - ADDED ENTRY ELEMENTS (KOHA)
Source of classification or shelving scheme Dewey Decimal Classification
Koha item type Thesis
Edition 21
Suppress in OPAC No

لا توجد مواد متاحة.

Cairo University Libraries Portal Implemented & Customized by: Eng. M. Mohamady Contacts: new-lib@cl.cu.edu.eg | cnul@cl.cu.edu.eg
CUCL logo CNUL logo
© All rights reserved — Cairo University Libraries
CUCL logo
Implemented & Customized by: Eng. M. Mohamady Contact: new-lib@cl.cu.edu.eg © All rights reserved — New Central Library
CNUL logo
Implemented & Customized by: Eng. M. Mohamady Contact: cnul@cl.cu.edu.eg © All rights reserved — Cairo National University Library